[Event "AUTO-OPEN-1016"]
[Site "http://www.queenalice.com/game.php?id=355018"]
[Date "2008.2.16"]
[Round "1"]
[White "gkronny"]
[Black "schibu"]
[Result "0-1"]
[WhiteElo "1854"]
[BlackElo "2287"]

1. e4 d6 2. d4 Nf6 3. Nc3 Nbd7 4. f4 e5 5. Nf3 exd4 6. Nxd4 Nc5 7. Bd3 Bg4 8.
Nf3 h5 9. Be3 c6 10. Bxc5 dxc5 11. O-O Qc7 12. e5 O-O-O 13. Qe1 Nd5 14. Ng5 Kb8
15. h3 Bc8 16. Rd1 f6 17. exf6 gxf6 18. Ne6 Bxe6 19. Qxe6 Nxf4 20. Qxf6 Nxh3+
21. gxh3 Qg3+ 22. Kh1 Qxh3+ 23. Kg1 Be7 24. Qf7 Rhg8+ 25. Bg6 Rdf8 26. Rd8+ Bxd8
27. Qxf8 Rxg6+ 28. Kf2 Rg2+ 29. Ke1 Qe3+ 30. Kd1 Qd2# 0-1

[Event "AUTO-OPEN-1016"]
[Site "http://www.queenalice.com/game.php?id=355019"]
[Date "2008.2.16"]
[Round "1"]
[White "schibu"]
[Black "gkronny"]
[Result "1-0"]
[WhiteElo "2290"]
[BlackElo "1904"]

1. Nf3 d5 2. d3 Nf6 3. Nbd2 Bf5 4. g3 c5 5. Bg2 Nc6 6. O-O Qd7 7. Re1 Bh3 8. e4
Bxg2 9. Kxg2 e5 10. exd5 Qxd5 11. Nc4 e4 12. Qe2 Be7 13. dxe4 Qh5 14. e5 Nd5 15.
Nd6+ Kf8 16. Rd1 Bxd6 17. Rxd5 Be7 18. Qb5 Rb8 19. Be3 g5 20. Bxc5 g4 21. Nd4 a6
22. Bxe7+ Nxe7 23. Qb4 Re8 24. Rd7 Qg5 25. e6 f5 26. Qxb7 h5 27. Nc6 Rh7 28.
Rad1 Qf6 29. Rd8 Qxe6 30. Rxe8+ Kxe8 31. Qb8+ Kf7 32. Nd8+ Kf6 33. Nxe6 Kxe6 34.
Qb3+ Kf6 35. Rd6+ Kg7 36. Qe6 1-0

[Event "Challenge"]
[Site "http://www.queenalice.com/game.php?id=356975"]
[Date "2008.2.19"]
[Round "-"]
[White "AmandaMello"]
[Black "gkronny"]
[Result "1-0"]
[WhiteElo "1890"]
[BlackElo "1930"]

1. e4 e5 2. Nf3 Nc6 3. Bc4 Nf6 4. Ng5 Nxe4 5. Nxf7 Qh4 6. O-O Bc5 7. Nxh8 Nxf2
8. Rxf2 Bxf2+ 9. Kf1 Bc5 10. d4 Bxd4 11. Qf3 Nd8 12. Nd2 d5 13. Bxd5 Bg4 14. Qg3
Qf6+ 15. Nf3 Be6 16. Be4 Nc6 17. Bg5 Qf8 18. c3 Kd7 19. cxd4 exd4 20. Bxc6+ bxc6
21. Rd1 c5 22. Kg1 Qxh8 23. Nxd4 cxd4 24. Rxd4+ Kc8 25. Rd8+ Qxd8 26. Bxd8 Kxd8
27. Qf3 Rc8 28. Qf8+ Kd7 29. Qxg7+ Kd6 30. Qxh7 Bxa2 31. h4 Bd5 32. Qg6+ Kc5 33.
b4+ Kb5 34. Qf5 Rd8 35. Qf4 c6 36. h5 Rd7 37. g4 Rh7 38. h6 Rf7 39. Qd4 Ka4 40.
Qc5 Rf4 41. Qxa7+ Kxb4 42. Qb8+ 1-0

[Event "mundial Tittle"]
[Site "http://www.queenalice.com/game.php?id=373676"]
[Date "2008.3.19"]
[Round "-"]
[White "gkronny"]
[Black "LaurieTournier"]
[Result "1-0"]
[WhiteElo "1854"]
[BlackElo "1821"]

1. Nf3 f5 2. d4 Nf6 3. Bf4 e6 4. e3 g6 5. h3 Bg7 6. c4 O-O 7. Nc3 d6 8. Be2 Ne4
9. O-O g5 10. Bh2 Nxc3 11. bxc3 Nd7 12. c5 dxc5 13. Qb3 Re8 14. Bc4 Nb6 15. dxc5
Nxc4 16. Qxc4 Qe7 17. Rfd1 a6 18. a4 h6 19. Rab1 Kh8 20. Be5 Rd8 21. Rxd8+ Qxd8
22. Qd4 Qe7 23. Rd1 Kh7 24. Bxg7 Qxg7 25. Qxg7+ Kxg7 26. Rd8 b5 27. axb5 axb5
28. Nd4 1-0

[Event "AUTO-OPEN-1070"]
[Site "http://www.queenalice.com/game.php?id=377701"]
[Date "2008.3.27"]
[Round "1"]
[White "Bebeto"]
[Black "gkronny"]
[Result "1-0"]
[WhiteElo "2221"]
[BlackElo "1917"]

1. e4 c5 2. Nf3 e6 3. Nc3 Nc6 4. g3 d5 5. exd5 exd5 6. d4 Nf6 7. Be3 cxd4 8.
Nxd4 Bb4 9. Bg2 Bg4 10. Qd3 O-O 11. Nxc6 bxc6 12. a3 Ba5 13. O-O Qd7 14. Na4 Bh3
15. b3 Bxg2 16. Kxg2 Rfe8 17. b4 Bc7 18. Nc5 Qg4 19. f3 Qg6 20. Qxg6 hxg6 21.
Rfe1 Be5 22. Rad1 Bc3 23. Bd2 Bxd2 24. Rxe8+ Nxe8 25. Rxd2 Nd6 26. a4 Nc4 27.
Re2 a5 28. c3 axb4 29. cxb4 d4 30. a5 Rd8 31. a6 d3 32. Nxd3 Rxd3 33. Re8+ Kh7
34. a7 Nb6 35. Rb8 Rd2+ 36. Kf1 Ra2 37. Rxb6 Rxa7 38. Rxc6 Ra2 39. h4 Rb2 40.
Rb6 Kh6 41. Rb7 f6 42. b5 g5 43. hxg5+ 1-0

[Event "AUTO-OPEN-1070"]
[Site "http://www.queenalice.com/game.php?id=377702"]
[Date "2008.3.27"]
[Round "1"]
[White "gkronny"]
[Black "Bebeto"]
[Result "0-1"]
[WhiteElo "1904"]
[BlackElo "2232"]

1. Nf3 d5 2. b3 Nf6 3. g3 Nc6 4. Bb2 e5 5. Nxe5 Nxe5 6. Bxe5 d4 7. Bg2 Ng4 8.
Bf4 g5 9. h3 Nh6 10. Be5 f6 11. Bxd4 Qxd4 12. Nc3 Qb6 13. O-O Be6 14. e3 O-O-O
15. d4 Kb8 16. Qf3 f5 17. Na4 Qa6 18. c4 Rg8 19. Rfc1 Ba3 20. b4 g4 21. hxg4
fxg4 22. Qd1 Bxc1 23. Nc5 Qb6 24. Rxc1 Bc8 25. a4 Nf7 26. a5 Qh6 27. b5 Ng5 28.
Na6+ bxa6 29. bxa6 c6 30. Rb1+ Ka8 31. d5 Nh3+ 32. Bxh3 gxh3 33. Qf3 h2+ 34. Kh1
Bg4 35. Qf7 Rg7 36. Qf4 Qxf4 37. exf4 Bf3+ 38. Kxh2 Rd6 0-1

[Event "AUTO-OPEN-1070"]
[Site "http://www.queenalice.com/game.php?id=377721"]
[Date "2008.3.27"]
[Round "1"]
[White "MCMLXXXI"]
[Black "gkronny"]
[Result "0-1"]
[WhiteElo "1851"]
[BlackElo "1666"]

1. e4 c5 2. Nf3 e6 3. Nc3 Nc6 4. d4 cxd4 5. Nxd4 a6 6. Be3 Qc7 7. Be2 Nf6 8. O-O
d6 9. Kh1 Be7 10. f4 Bd7 11. f5 e5 12. Nd5 Nxd5 13. exd5 Nxd4 14. Bxd4 exd4 15.
Qxd4 O-O 16. Bd3 Bf6 17. Qb4 Rfe8 18. c3 Re5 19. c4 Rae8 20. b3 Re3 21. Qd2 Qc5
22. b4 Qd4 23. Rad1 Ba4 0-1

[Event "AUTO-OPEN-1070"]
[Site "http://www.queenalice.com/game.php?id=377722"]
[Date "2008.3.27"]
[Round "1"]
[White "gkronny"]
[Black "MCMLXXXI"]
[Result "1-0"]
[WhiteElo "1783"]
[BlackElo "1763"]

1. b3 e5 2. Bb2 Nc6 3. e4 Nf6 4. d3 Bc5 5. Be2 O-O 6. Nf3 d6 7. O-O Bg4 8. c3
Nh5 9. d4 Bb6 10. h3 Bxf3 11. Bxf3 Nf4 12. Na3 a6 13. Nc4 Ba7 14. d5 Nb8 15. Kh2
Nd7 16. Bc1 Ng6 17. Be3 Nh4 18. Bg4 Nf6 19. g3 Ng6 20. Bxa7 Rxa7 21. Qf3 Nd7 22.
Ne3 Nc5 23. h4 Nd3 24. h5 Ngf4 25. gxf4 Qh4+ 26. Qh3 Qf6 27. fxe5 dxe5 28. Nf5
Nf4 29. Qh4 Qb6 30. Bh3 Kh8 31. d6 cxd6 32. h6 Ng6 33. hxg7+ Kg8 34. Qf6 Rd8 35.
Nh6# 1-0

[Event "AUTO-ADV-928"]
[Site "http://www.queenalice.com/game.php?id=412226"]
[Date "2008.6.3"]
[Round "1"]
[White "Rafale2000"]
[Black "gkronny"]
[Result "0-1"]
[WhiteElo "1986"]
[BlackElo "1831"]

1. e4 c5 2. Nf3 d6 3. d4 cxd4 4. Nxd4 Nf6 5. Nc3 a6 6. Bg5 e6 7. f4 Nbd7 8. Qf3
Qc7 9. Bd3 b5 10. O-O Bb7 11. Rae1 Qc5 12. Qe3 Ng4 0-1

[Event "AUTO-ADV-928"]
[Site "http://www.queenalice.com/game.php?id=412227"]
[Date "2008.6.3"]
[Round "1"]
[White "gkronny"]
[Black "Rafale2000"]
[Result "1-0"]
[WhiteElo "1880"]
[BlackElo "1925"]

1. Nf3 Nf6 2. b3 c5 3. Bb2 d6 4. g3 Nc6 5. Bg2 e5 6. O-O Be7 7. d3 O-O 8. c4 Bd7
9. Nc3 a6 10. e3 Qc8 11. Nd5 Bd8 12. a3 b5 13. Bc3 Nxd5 14. cxd5 Ne7 15. Nd2 Bh3
16. e4 Bxg2 17. Kxg2 f5 18. b4 c4 19. dxc4 bxc4 20. Qe2 fxe4 21. Qxe4 Qf5 22.
Rac1 Rc8 23. Bb2 Qxe4+ 24. Nxe4 Nf5 25. Rc3 h5 26. Rfc1 1-0

[Event "AUTO-ADV-928"]
[Site "http://www.queenalice.com/game.php?id=412244"]
[Date "2008.6.3"]
[Round "1"]
[White "gkronny"]
[Black "scott2770"]
[Result "1-0"]
[WhiteElo "1910"]
[BlackElo "1835"]

1. e4 e5 2. d4 exd4 3. c3 dxc3 4. Nf3 cxb2 5. Bxb2 Nc6 6. Bc4 Nf6 7. O-O Be7 8.
Ng5 O-O 9. e5 Ne8 10. Nxf7 Rxf7 11. Qd5 Nd6 12. exd6 Qe8 13. dxe7 Qxe7 14. Qxf7+
Qxf7 15. Bxf7+ Kxf7 16. Nc3 d6 17. Nd5 Bf5 18. Nxc7 Rc8 19. Nb5 Ke7 20. Rfd1 Rd8
21. Nxd6 Rxd6 22. Ba3 Kf6 23. Rxd6+ Kf7 24. Rad1 Nb8 25. R1d4 b6 26. Rf4 g6 27.
g4 Na6 28. gxf5 gxf5 29. Rxf5+ 1-0

[Event "AUTO-ADV-928"]
[Site "http://www.queenalice.com/game.php?id=412245"]
[Date "2008.6.3"]
[Round "1"]
[White "scott2770"]
[Black "gkronny"]
[Result "0-1"]
[WhiteElo "1837"]
[BlackElo "1900"]

1. d4 Nf6 2. c4 e5 3. dxe5 Ng4 4. Nf3 Bc5 5. Nc3 Bxf2+ 6. Kd2 Nc6 7. e4 Ncxe5 8.
Nxe5 Nxe5 9. Kc2 d6 10. Bd3 Be6 11. Rf1 Bd4 12. Bd2 Qd7 13. Qe2 a6 14. Rad1 Bg4
15. Qe1 Bxd1+ 16. Qxd1 Qc6 17. b3 O-O-O 18. Ne2 Ba7 19. Bc3 Rde8 20. Bxe5 dxe5
21. Rxf7 Rhf8 22. Rxg7 Rf2 23. Rxh7 Qg6 24. Rh3 Qxg2 25. Rh5 Qf3 26. Rg5 Rxh2
27. Kc3 a5 28. Qe1 Rd8 29. Qd1 Rh3 30. Qc2 Qxd3+ 31. Qxd3 Rhxd3+ 32. Kc2 Rd2+
33. Kc1 Rd1+ 34. Kc2 R8d2+ 35. Kc3 Bd4+ 0-1

[Event "AUTO-ADV-928"]
[Site "http://www.queenalice.com/game.php?id=412246"]
[Date "2008.6.3"]
[Round "1"]
[White "gkronny"]
[Black "Guilherme_Ottoni"]
[Result "0-1"]
[WhiteElo "1892"]
[BlackElo "2050"]

1. c4 Nf6 2. Nc3 e6 3. e4 d5 4. cxd5 exd5 5. e5 Ne4 6. Nf3 Nxc3 7. dxc3 Nc6 8.
Bd3 Bg4 9. Bf4 g6 10. O-O Bg7 11. Re1 O-O 12. h3 Bxf3 13. Qxf3 a6 14. Qg3 Re8
15. Bg5 Qd7 16. Bf6 Re6 17. Bxg7 Kxg7 18. Bf5 Rae8 19. Bxe6 Rxe6 0-1

[Event "AUTO-ADV-928"]
[Site "http://www.queenalice.com/game.php?id=412247"]
[Date "2008.6.3"]
[Round "1"]
[White "Guilherme_Ottoni"]
[Black "gkronny"]
[Result "1-0"]
[WhiteElo "2060"]
[BlackElo "1868"]

1. e4 c6 2. d4 d5 3. f3 dxe4 4. fxe4 e5 5. Nf3 Bg4 6. Bc4 Bxf3 7. Qxf3 Nf6 8.
O-O Nbd7 9. Qb3 Qb6 10. Bxf7+ Kd8 11. Qxb6+ axb6 12. dxe5 Bc5+ 13. Kh1 Nxe5 14.
Bb3 Nxe4 15. g3 h5 16. Bf4 Ng4 17. Kg2 g5 18. Re1 gxf4 19. Rxe4 fxg3 20. hxg3
Rf8 21. Re2 1-0